| 000 | 00583cam a2200205 a 4500 | ||
|---|---|---|---|
| 001 | 000002768 | ||
| 005 | 20200929150244.0 | ||
| 008 | 840224s1975 ve 001 p spa | ||
| 040 |
_aDO-SdBNP _cMH _dDLC |
||
| 082 |
_aV861.44 _bS211r |
||
| 100 | 1 |
_aSánchez Peláez, Juan _98723 |
|
| 245 | 1 | 0 |
_aRasgos comunes / _cJuan Sánchez Peláez. |
| 260 |
_aCaracas : _bMonte Ávila, _c1975. |
||
| 300 |
_a72 p. ; _c20 cm. |
||
| 440 | 0 |
_aAltazor _98724 |
|
| 650 | 4 |
_aPoesía venezolana _94230 |
|
| 650 | 4 |
_aLiteratura venezolana _93816 |
|
| 910 | _aCatalogación por copia / LC | ||
| 910 | _aWM | ||
| 999 |
_c2602 _d2602 |
||